000 01165nmm a2200349 a 4500
001 ocm000587297
003 TR-IsHL
005 20201028120123.0
008 130625s2007 tu tur
007 cr cn
020 _a9789944601818
035 _a587297
_b(N$T)
050 0 4 _aDR435.H8
_bO86 2007
090 0 4 _aDR435.H8
_bO86 2007
245 1 0 _aOsmanlı misafirperverliği ve Avrupa'daki yankıları
_h[electronic resource] /
_chaz. Bayram Nazır
250 _a1. bs.
260 _aİstanbul :
_bİstanbul Ticaret Odası,
_c2007
300 _a134 p.
650 4 _aTarih
650 4 _aHistory
650 0 _aMülteciler, Macar
_xTürkiye
650 0 _aRefugees, Hungarian
_xTurkey
650 0 _aMülteciler, Polonya
_xTürkiye
650 0 _aRefugees, Polish
_xTurkey
650 0 _aMülteciler, Siyasi
_xMacar
650 0 _aRefugees, Political
_xHungary
650 0 _aMülteciler, Siyasi
_xTürkiye
650 0 _aRefugees, Political
_xTurkey
650 7 _aHISTORY / Middle East / Turkey & Ottoman Empire
_2bisacsh
700 1 _aNazır, Bayram
856 4 0 _uhttp://search.ebscohost.com/login.aspx?direct=true&scope=site&db=e011xww&AN=587297
999 _c613
_d613